Sports Quiz

Random Sports or Football Quiz
Score 0/55 Timer 07:00
0 Plays Today
Date (Opponent) Player % Correct
September 24, 1972 (Browns) (2)Harold Jackson
95.1%
September 22, 1985 (Redskins) (3)Earnest Jackson
95.1%
September 9, 2013 (Redskins)DeSean Jackson
95.1%
September 12, 2010 (Packers)LeSean McCoy
90.2%
September 11, 2011 (Rams)LeSean McCoy
90.2%
September 12, 2005 (Falcons)Brian Westbrook
86.6%
September 7, 2008 (Rams)Brian Westbrook
86.6%
September 9, 2012 (Browns)Jeremy Maclin
76.8%
September 12, 2004 (Giants)Terrell Owens
74.4%
September 16, 1973 (Cardinals)Harold Carmichael
72%
September 7, 1980 (Broncos)Harold Carmichael
72%
September 13, 1998 (Falcons) (2)Duce Staley
69.5%
September 12, 1999 (Cardinals)Duce Staley
69.5%
September 14, 2003 (Patriots) (2)Duce Staley
69.5%
September 7, 2014 (Jaguars)Darren Sproles
69.2%
September 12, 1982 (Redskins)Wilbert Montgomery
65.9%
September 2, 1984 (Giants)Wilbert Montgomery
65.9%
September 13, 1987 (Redskins)Mike Quick
62.2%
September 4, 1988 (Buccaneers)Mike Quick
62.2%
September 17, 1961 (Browns)Timmy Brown
61%
September 16, 1962 (Cardinals)Timmy Brown
61%
September 11, 1966 (Cardinals)Timmy Brown
61%
September 7, 1986 (Redskins)Ron Johnson
56.1%
August 31, 1997 (Giants)Ricky Watters
56.1%
September 1, 1991 (Packers)Keith Byars
51.2%
September 8, 2002 (Titans)James Thrash
48.8%
September 6, 1992 (Saints)Herschel Walker
40.2%
September 1, 1996 (Redskins)Irving Fryar
37.8%
Date (Opponent) Player % Correct
September 25, 1960 (Browns)Tommy McDonald
36.6%
September 15, 1963 (Steelers)Tommy McDonald
36.6%
September 9, 2007 (Packers)Jason Avant
32.9%
September 10, 1995 (Cardinals) (2)William Thomas
31.7%
September 10, 2006 (Texans)Donte' Stallworth
24.4%
September 10, 1989 (Seahawks)Anthony Toney
22%
September 9, 1990 (Giants)Anthony Toney
22%
September 21, 1975 (Giants)Charle Young
20.7%
September 5, 1993 (Cardinals)Heath Sherman
15.9%
September 9, 2001 (Rams)Cecil Martin
15.9%
September 4, 1994 (Giants)Mark Bavaro
14.6%
September 3, 1983 (49ers)Michael Haddix
12.2%
September 20, 1970 (Cowboys)Ben Hawkins
11%
September 19, 1971 (Bengals)Ben Hawkins
11%
September 21, 1969 (Browns)Tom Woodeshick
9.8%
September 3, 2000 (Cowboys)Jeff Thomason
9.8%
September 12, 1976 (Cowboys)Tom Sullivan
8.5%
September 18, 1977 (Buccaneers)Tom Sullivan
8.5%
September 6, 1981 (Giants)Perry Harrington
7.3%
September 23, 1974 (Cowboys) (2)Joe Lavender
4.9%
September 2, 1979 (Giants)Billy Campfield
4.9%
September 17, 1967 (Redskins)Gary Ballman
3.7%
September 15, 1968 (Packers)Gary Ballman
3.7%
September 13, 2009 (Panthers)Victor Abiamiri
3.7%
September 13, 1964 (Giants)Earl Gros
1.2%
September 19, 1965 (Cardinals)Earl Gros
1.2%
September 3, 1978 (Rams)Ken Payne
1.2%
Remove Ads.
Support Sporcle.
Get the best of Sporcle when you Go Orange. This ad-free experience offers more features, more stats, and more fun while also helping to support Sporcle. Thank you for becoming a member.

You're not logged in!

Compare scores with friends on all Sporcle quizzes.
OR
Log In

Show Comments

Extras

Top Quizzes Today


Score Distribution

Your Account Isn't Verified!

In order to create a playlist on Sporcle, you need to verify the email address you used during registration. Go to your Sporcle Settings to finish the process.

Report this User

Report this user for behavior that violates our Community Guidelines.

Details: